Eastern Utah Libraries Catalog: Duchesne, Heber, Roosevelt, & Vernal

Watchmen : (Record no. 350830)

MARC details
000 -LEADER
fixed length control field 04229cgm a2200805Ki 4500
001 - CONTROL NUMBER
control field on1149063278
003 - CONTROL NUMBER IDENTIFIER
control field OCoLC
005 - DATE AND TIME OF LATEST TRANSACTION
control field 20200609155231.0
007 - PHYSICAL DESCRIPTION FIXED FIELD--GENERAL INFORMATION
fixed length control field vd cvaizq
008 - FIXED-LENGTH DATA ELEMENTS--GENERAL INFORMATION
fixed length control field 200406s2020 cau527 vleng d
040 ## - CATALOGING SOURCE
Original cataloging agency TEFMT
Language of cataloging eng
Description conventions rda
Transcribing agency TEFMT
Modifying agency TEF
-- OCLCF
-- UINTA
024 1# - OTHER STANDARD IDENTIFIER
Standard number or code 883929700127
028 42 - PUBLISHER NUMBER
Publisher number 1000750168
Source Warner Bros Ent. Canada Inc
035 ## - SYSTEM CONTROL NUMBER
System control number (OCoLC)1149063278
037 ## - SOURCE OF ACQUISITION
Source of stock number/acquisition Midwest Tape
Note http://www.midwesttapes.com
041 1# - LANGUAGE CODE
Language code of text/sound track or separate title eng
-- fre
-- fre
-- spa
-- eng
Language code of original and/or intermediate translations of text eng
043 ## - GEOGRAPHIC AREA CODE
Geographic area code n-us-ok
050 #4 - LIBRARY OF CONGRESS CALL NUMBER
Classification number PN1992.77
Item number .W38 2020
082 04 - DEWEY DECIMAL CLASSIFICATION NUMBER
Classification number 791.45/75
Edition number 23
049 ## - LOCAL HOLDINGS (OCLC)
Holding library UCLB
245 00 - TITLE STATEMENT
Title Watchmen :
Remainder of title an HBO limited series.
250 ## - EDITION STATEMENT
Edition statement [English/French dialogue version]
264 #1 - Production, Publication, Distribution, Manufacture, and Copyright Notice.
Place of production, publication, distribution, manufacture Burbank, CA :
Name of producer, publisher, distributor, manufacturer Warner Bros. Home Entertainment,
Date of production, publication, distribution, manufacture, or copyr [2020]
300 ## - PHYSICAL DESCRIPTION
Extent 3 videodiscs (527 min.) :
Other physical details sound, color ;
Dimensions 4 3/4 in.
336 ## - Content Type
Content type term two-dimensional moving image
337 ## - Media type
Media type term video
338 ## - Carrier type
Carrier type term videodisc
344 ## -
-- digital
-- rdatr
344 ## -
-- optical
-- rdarm
344 ## -
-- surround
-- rdacpc
344 ## -
-- Dolby digital 5.1
347 ## -
-- video file
-- rdaft
347 ## -
-- DVD video
347 ## -
-- region 1
-- rdare
380 ## -
-- Television programs
-- lcgft
538 ## - SYSTEM DETAILS NOTE
System details note DVD, region 1, wide screen; Dolby digital 5.1.
546 ## - LANGUAGE NOTE
Language note English or French dialogue; French or Spanish subtitles; subtitled for the deaf and hard of hearing (SDH).
500 ## - GENERAL NOTE
General note Title from web page.
511 1# - PARTICIPANT OR PERFORMER NOTE
Participant or performer note Regina King, Yahya Abdul-mateen Ii, Tom Mison, Sara Vickers, Jeremy Irons, Andrew Howard, Louis Gossett Jr., Jean Smart, Tim Blake Nelson, James Wolk, Frances Fisher, Don Johnson.
500 ## - GENERAL NOTE
General note Originally broadcast on the HBO Network in 2019.
500 ## - GENERAL NOTE
General note Wide screen.
521 8# - TARGET AUDIENCE NOTE
Target audience note Rating: Not rated
-- CHV rating: 18A.
520 ## - SUMMARY, ETC.
Summary, etc Set in an alternate history where masked vigilantes are treated as outlaws, this series embraces the nostalgia of the original groundbreaking graphic novel of the same name, while attempting to break new ground of its own.
500 ## - GENERAL NOTE
General note Special features: 2 all-new exclusive documentaries; character trailers; Sister night, blonde man and looking glass; It's raining squids; Watchmen: masked and dangerous; 2019 New York Comic Con; becoming sister night; Watchmen: Alternate history; Watchmen: Unmasked; Andrij Parekh on directing; Squid shelter with Tim Blake Nelson; Anatomy of a fight scene; Glimpses - The visual effects of Watchmen; notes from Watchmen graphic novel artist Dave Gibbons; Rorschach featurette; Sadiqua Bynum runs, jumps and falls for Sister Night.
650 #0 - SUBJECT ADDED ENTRY--TOPICAL TERM
Topical term or geographic name as entry element Policewomen
Geographic subdivision Oklahoma
-- Tulsa
Form subdivision Drama.
9 (RLIN) 6361777
650 #0 - SUBJECT ADDED ENTRY--TOPICAL TERM
Topical term or geographic name as entry element Murder
General subdivision Investigation
Geographic subdivision Oklahoma
-- Tulsa
Form subdivision Drama.
9 (RLIN) 6361778
650 #0 - SUBJECT ADDED ENTRY--TOPICAL TERM
Topical term or geographic name as entry element Disguise
Form subdivision Drama.
9 (RLIN) 6361779
650 #7 - SUBJECT ADDED ENTRY--TOPICAL TERM
Topical term or geographic name as entry element Disguise.
Source of heading or term fast
-- (OCoLC)fst00895221
9 (RLIN) 6361780
650 #7 - SUBJECT ADDED ENTRY--TOPICAL TERM
Topical term or geographic name as entry element Murder
General subdivision Investigation.
Source of heading or term fast
-- (OCoLC)fst01029788
9 (RLIN) 88186
650 #7 - SUBJECT ADDED ENTRY--TOPICAL TERM
Topical term or geographic name as entry element Policewomen.
Source of heading or term fast
-- (OCoLC)fst01068789
9 (RLIN) 6361781
651 #7 - SUBJECT ADDED ENTRY--GEOGRAPHIC NAME
Geographic name Oklahoma
Geographic subdivision Tulsa.
Source of heading or term fast
-- (OCoLC)fst01205469
9 (RLIN) 6361782
655 #7 - INDEX TERM--GENRE/FORM
Genre/form data or focus term Action and adventure television programs.
Source of term fast
-- (OCoLC)fst01726304
9 (RLIN) 5676921
655 #7 - INDEX TERM--GENRE/FORM
Genre/form data or focus term Drama.
Source of term fast
-- (OCoLC)fst01423879
9 (RLIN) 6361783
655 #7 - INDEX TERM--GENRE/FORM
Genre/form data or focus term Television crime shows.
Source of term fast
-- (OCoLC)fst01710490
9 (RLIN) 5706353
655 #7 - INDEX TERM--GENRE/FORM
Genre/form data or focus term Television programs.
Source of term fast
-- (OCoLC)fst01726253
9 (RLIN) 6361784
655 #7 - INDEX TERM--GENRE/FORM
Genre/form data or focus term Video recordings for the hearing impaired.
Source of term fast
-- (OCoLC)fst01710450
9 (RLIN) 6361785
655 #7 - INDEX TERM--GENRE/FORM
Genre/form data or focus term Television crime shows.
Source of term lcgft
9 (RLIN) 5706353
655 #7 - INDEX TERM--GENRE/FORM
Genre/form data or focus term Action and adventure television programs.
Source of term lcgft
9 (RLIN) 5676921
655 #7 - INDEX TERM--GENRE/FORM
Genre/form data or focus term Television programs.
Source of term lcgft
9 (RLIN) 6361784
655 #7 - INDEX TERM--GENRE/FORM
Genre/form data or focus term Video recordings for the hearing impaired.
Source of term lcgft
9 (RLIN) 6361785
700 1# - ADDED ENTRY--PERSONAL NAME
Personal name King, Regina,
Relator term actor.
9 (RLIN) 61596
700 1# - ADDED ENTRY--PERSONAL NAME
Personal name Abdul-mateen Ii, Yahya,
Relator term actor.
9 (RLIN) 6361786
700 1# - ADDED ENTRY--PERSONAL NAME
Personal name Mison, Tom,
Dates associated with a name 1982-
Relator term actor.
9 (RLIN) 6361787
700 1# - ADDED ENTRY--PERSONAL NAME
Personal name Vickers, Sara
Titles and other words associated with a name (Actor),
Relator term actor.
9 (RLIN) 6361788
710 2# - ADDED ENTRY--CORPORATE NAME
Corporate name or jurisdiction name as entry element Home Box Office (Firm),
Relator term broadcaster.
9 (RLIN) 16921
710 2# - ADDED ENTRY--CORPORATE NAME
Corporate name or jurisdiction name as entry element Warner Bros. Home Entertainment (Firm),
Relator term publisher.
9 (RLIN) 5768895
730 02 - ADDED ENTRY--UNIFORM TITLE
-- Container of (work):
Uniform title Watchmen (Television program)
9 (RLIN) 6361789
730 02 - ADDED ENTRY--UNIFORM TITLE
-- Container of (expression):
Uniform title Watchmen (Television program).
Language of a work French.
9 (RLIN) 6361790
994 ## -
-- C0
-- UINTA
Holdings
Withdrawn status Lost status Source of classification or shelving scheme Materials specified (bound volume or other part) Damaged status Not for loan Collection code Home library Current library Shelving location Date acquired Source of acquisition Total Checkouts Total Renewals Full call number Barcode Date last seen Date checked out Cost, replacement price Price effective from Koha item type
    Dewey Decimal Classification 3 discs     Television Series Wasatch County Library Wasatch County Library Audio Visual Area 09/03/2020 Baker & Taylor 10 7 TV Series Watchmen 34301001697731 01/16/2025 01/02/2025 39.99 09/03/2020 DVD Series
This project was made possible through a grant from the Institute of Museum and Library Service administered by the Utah State Library Division.

Wasatch County Library

  • 465 East 1200 South, Heber City, Utah 84032
  • Phone 435-654-1511 | Fax 435-654-6456

Hours

  • Monday - Friday 9:30 AM - 8:00 PM
  • Saturday 9:30 AM - 1:30 PM
  • Closed Sundays and Holidays